Score 0/25 Timer 03:00
1 Play Today
Clue Word % Correct
Alcoholic drink made from grapesWINE
98.1%
Female spouseWIFE
97.6%
↪Ang Lee's '____ of Pi'↩LIFE
97.1%
What Batman is to Gotham CityHERO
97.1%
Rounded citrus fruit similar to a lemonLIME
97%
Silent street performerMIME
96.6%
Eat dinnerDINE
96.5%
Hearing body partsEARS
95.8%
Employ someone for wagesHIRE
95.2%
Stephen King novel: The Green ____MILE
95%
Not thereHERE
94.7%
____ Zuckerburg, creator of FacebookMARK
93.9%
______ E. Coyote, 'Looney Tunes' characterWILE
93.9%
Clue Word % Correct
The ______, HBO TV ShowWIRE
90.7%
____ Cook, American comedian and actorDANE
89.4%
↪Benh Zeitlin's 'Beasts of the Southern ____'↩WILD
89.1%
Gentle and not easily provokedMILD
88.8%
Roman equivalent of AresMARS
88%
↪Kathryn Bigelow's '[First Rung] _____ Thirty'↩DARK
87.7%
Have the courage to do somethingDARE
86.2%
↪Kathryn Bigelow's '____ [Rung 18] Thirty'↩ZERO
85.6%
Makes a lot of mistakesERRS
81.4%
↪Ben Affleck's '____'↩ARGO
75.6%
ThereforeERGO
73%
Units of energy and mechanical workERGS
68.8%

Today's Daily Dose

Remove Ads.
Support Sporcle.
Get the best of Sporcle when you Go Orange. This ad-free experience offers more features, more stats, and more fun while also helping to support Sporcle. Thank you for becoming a member.

You're not logged in!

Compare scores with friends on all Sporcle quizzes.
OR
Log In

Show Comments

Extras

Top Quizzes Today


Score Distribution

Your Account Isn't Verified!

In order to create a playlist on Sporcle, you need to verify the email address you used during registration. Go to your Sporcle Settings to finish the process.

Report this User

Report this user for behavior that violates our Community Guidelines.

Details: